| 000 | 01202nam a22002297a 4500 | ||
|---|---|---|---|
| 999 |
_c57182 _d57182 |
||
| 003 | Ge_BSU | ||
| 005 | 20191224104535.0 | ||
| 008 | 191224s1998 ge ||||| |||| 00| 0 geo d | ||
| 020 | _a9992856718 | ||
| 041 | _ageo | ||
| 080 | _a341.24 კ-77 | ||
| 100 |
_aკორკელია, კონსტანტინე _9539 |
||
| 245 |
_aსაერთაშორისო ხელშეკრულება საერთაშორისო და შიდა სახელმწიფოებრივ სამართალში / _cკონსტანტინე კორკელია; რედ.: ლ. ალექსიძე. |
||
| 264 |
_aთბილისი : _bთბილ. უნ-ტის გამ-ბა, _c1998. |
||
| 300 |
_a328 გვ. ; _b20 სმ. |
||
| 500 | _aპარალ. თავ. და რეზ. ინგლ. ენ. | ||
| 504 | _aბიბლიოგრ. ტექსტის შენიშვნ. | ||
| 653 | _aსაერთაშორისო ხელშეკრულებები | ||
| 653 | _aსამართალი | ||
| 700 |
_aალექსიძე, ლ. _eრედაქტორი _93938 |
||
| 942 |
_2udc _cBK |
||